Harry Potter Movie Quotes Quiz Stats

 Plays Quiz not verified by Sporcle

Score 0/10 Timer 05:00
0 Plays Today
Quote Character % Correct
'Think my name's funny, do you?'Draco Malfoy
93.1%
'A girl has been snatch by the monster, Lockhart. Your moment has come at last.'Snape
87.6%
'Department of Mysteries. Certainly named right, didn't they?'Ron
85.2%
'Why is it when something happens, it is always you three?'McGonagall
83.8%
'The longer we stay here, the stronger he gets.'Harry
83.8%
'Your wand, Harry! Your wand!'Hermione Granger
83.5%
'Are you going to kill me, Harry?'Sirius
82.1%
'Welcome to the Knight Bus.'Stan Shunpike
74%
'If there is something wrong with the bitch, there is something wrong with the pup.'Aunt Marge
69.5%
'I like her very much.'Dobby
37.9%

You're not logged in!

Compare scores with friends on all Sporcle quizzes.
OR
Log In

Show Comments

Extras

Top Quizzes Today


Score Distribution

Your Account Isn't Verified!

In order to create a playlist on Sporcle, you need to verify the email address you used during registration. Go to your Sporcle Settings to finish the process.

Report this User

Report this user for behavior that violates our Community Guidelines.

Details: